000
002640000a22000970004500
100
1
_a
Thomas, Catherine
245
1
0
_a
A life less ordinary : The transforming adventures of two sixt-year-olds
300
_a
(2004), Páginas 24-26
773
0
_t
Teartimes
942
_c
ANA
999
_c
56066
_d
56066